000 00355nam a2200157Ia 4500
003 OSt
005 20240212111030.0
008 170523s9999 xx 000 0 und d
020 _a0070594104
040 _cIIMTU MEERUT
100 _aPERREAULT- MC CARTHY
245 0 _aBASIC MARKETING
260 _bTATA MC GRAW HILL
260 _c2005
942 _2ddc
_c02
999 _c1297
_d1297